00486nam a2200109Ia 4500008004100000050002600041100002800067245013700095260008600232300002800318521003000346140724s9999 xx 000 0 und d aLB 1620.5b.Uc17 2007 aUchida, Ryuichi Gene B. aFactors affecting career choices of college students in selected educational institutions in Metro Manila /cRyuichi Gene B. Uchida. aLas Piñas, Philippines :bSouthville International School and Colleges,cc2007. a79 p. :bill. ;c28 cm. aHuman Resource Management